Nationality, ethnicity and cultural identity in north-east India (Record no. 897)

MARC details
000 -LEADER
fixed length control field 00572cam a2200193ua 4500
001 - CONTROL NUMBER
control field 978
005 - DATE AND TIME OF LATEST TRANSACTION
control field 20260515113243.0
008 - FIXED-LENGTH DATA ELEMENTS--GENERAL INFORMATION
fixed length control field 110425n ii |||gr||||Z||||||eng
020 ## - INTERNATIONAL STANDARD BOOK NUMBER
International Standard Book Number 81-7117-072-2
040 ## - CATALOGING SOURCE
Transcribing agency MAIN
082 ## - DEWEY DECIMAL CLASSIFICATION NUMBER
Classification number 323.6329541
245 1# - TITLE STATEMENT
Title Nationality, ethnicity and cultural identity in north-east India
250 ## - EDITION STATEMENT
Edition statement 1st /
Remainder of edition statement edited by B. Pakem.
260 ## - PUBLICATION, DISTRIBUTION, ETC.
Place of publication, distribution, etc. Guwahati:
Name of publisher, distributor, etc. Omsons publications,990.
300 ## - PHYSICAL DESCRIPTION
Extent viii, 388p:
Dimensions 20cm.
653 ## - INDEX TERM--UNCONTROLLED
Uncontrolled term Political science
653 ## - INDEX TERM--UNCONTROLLED
Uncontrolled term Nationality, ethnicity and cultural identity in north-east India
942 ## - ADDED ENTRY ELEMENTS (KOHA)
Koha item type Books
Holdings
Withdrawn status Lost status Damaged status Not for loan Home library Current library Shelving location Date acquired Total checkouts Full call number Barcode Date last seen Copy number Price effective from Koha item type
        Naharkatiya College Library Naharkatiya College Library General stacks 09/19/2020   323.6329541 | NAT 16530 09/19/2020 1 09/19/2020 Books